Evaluation of satisfaction of employees in selected banking entities
Prieskum spokojnosti bankových zamestnancov vo vybraných oblastiach na prelome rokov 2008/2009. Oblasť prieskumu. Metodológia. Prieskumná vzorka. Výsledky a interpretácia. Závery.
Saved in:
| Main Author: | |
|---|---|
| Other Authors: | |
| Format: | Book Chapter |
| Language: | English |
| Subjects: | |
| Tags: |
No Tags, Be the first to tag this record!
|
MARC
| LEADER | 00000nla$a2200000$$$4500 | ||
|---|---|---|---|
| 001 | 0120439 | ||
| 005 | 20240502072343.8 | ||
| 041 | 0 | |a eng | |
| 044 | |a SK | ||
| 245 | 1 | 0 | |a Evaluation of satisfaction of employees in selected banking entities |c Alena Bašistová, Matej Hudák |
| 520 | |a Prieskum spokojnosti bankových zamestnancov vo vybraných oblastiach na prelome rokov 2008/2009. Oblasť prieskumu. Metodológia. Prieskumná vzorka. Výsledky a interpretácia. Závery. | ||
| 610 | 2 | 0 | |a banky |
| 610 | 2 | 0 | |a zamestnanci |
| 610 | 2 | 0 | |a vzdelávanie |
| 610 | 2 | 0 | |a spokojnosť v práci |
| 610 | 2 | 0 | |a výskum |
| 610 | 2 | 0 | |a metodológia |
| 100 | 1 | |a Bašistová, Alena | |
| 700 | 1 | |a Hudák, Matej, 1984- | |